Brown Animals - Statistics

General Stats
  • This quiz has been taken 15 times
  • The average score is 2 of 9
Answer Stats
Answer % Correct
Grizzly Bear
100%
Horse
36%
Beaver
21%
Otter
21%
Capybara
14%
Camel
7%
Rattlesnake
7%
Great Dane
0%
Rabbit
0%
No matching quizzes found
Score Distribution
Percent of People with Each Score
Percentile by Number Answered
Your Score History
You have not taken this quiz